00984nam a2200205 a 4500020002700000020003000027082001600057100002300073245001800096250001800114260003900132300001400171520035700185650001700542700001100559856007000570942000700640999001500647952011600662 a0697148785 (hardcover) a9780697148780 (hardcover) a574.192 ZUB1 aZubay, Geoffrey L.10aBiochemistry. a3rd ed. Vol.1 a[S.l.] :bWilliam C. Brown,c1993. a1120 p. ; aProvides the context for discussing several unique functions and the corresponding properties of the proteins. A revision of thermodynamics, examples of representative enzymes that utilize each other, and coverage of lipid bilayers which provide a solid foundation for understanding biological membrane phenomena are featured in this biochemistry book. abiochemistry1 aZubay.40uhttp://www.amazon.com/exec/obidos/ASIN/0697148785/chopaconline-20 cBK c1405d1405 0010708NFICaICbICcGENd2015-07-01l9o574.192 ZUBp006019r2022-11-17 00:00:00s2018-04-28w2015-07-01yBK